ბათუმის შოთა რუსთაველის სახელმწიფო უნივერსიტეტის ბიბლიოთეკა

Европейская армия:поражения и победы / (ბიბ.ჩანაწერი № 41278)

000 -LEADER
fixed length control field 00827nam a2200217Ia 4500
001 - CONTROL NUMBER
control field 7933
003 - CONTROL NUMBER IDENTIFIER
control field GE_BSU
005 - DATE AND TIME OF LATEST TRANSACTION
control field 20221003123151.0
008 - FIXED-LENGTH DATA ELEMENTS--GENERAL INFORMATION
fixed length control field 181216s2012ru xx |||||||||||||| ||rus||
020 ## - INTERNATIONAL STANDARD BOOK NUMBER
International Standard Book Number 9785713314033
040 ## - CATALOGING SOURCE
Transcribing agency GE_BSU
041 ## - LANGUAGE CODE
Language code of text/sound track or separate title rus
080 ## - UNIVERSAL DECIMAL CLASSIFICATION NUMBER
Universal Decimal Classification number 351.86:341.17(4) Ж-91
100 ## - MAIN ENTRY--PERSONAL NAME
Personal name Журкин,Виталий
9 (RLIN) 14959
245 ## - TITLE STATEMENT
Title Европейская армия:поражения и победы /
Statement of responsibility, etc. Виталий Журкин.
264 ## - PRODUCTION, PUBLICATION, DISTRIBUTION, MANUFACTURE, AND COPYRIGHT NOTICE
Place of production, publication, distribution, manufacture Москва :
Name of producer, publisher, distributor, manufacturer Международные отношения,
Date of production, publication, distribution, manufacture, or copyright notice 2012.
300 ## - PHYSICAL DESCRIPTION
Extent 192 стр.:
Dimensions 21 см.
653 ## - INDEX TERM--UNCONTROLLED
keyword Европейская армия:поражения и победы
653 ## - INDEX TERM--UNCONTROLLED
keyword ევროპული არმია: დამარცხებები და გამარჯვებები
942 ## - ADDED ENTRY ELEMENTS (KOHA)
Koha item type წიგნი
Source of classification or shelving scheme
ეგზემპლარები
Withdrawn status Lost status Source of classification or shelving scheme Damaged status Not for loan Permanent Location Current Location Shelving location Date acquired Cost, normal purchase price Full call number Barcode Date last seen Copy number Price effective from Koha item type Public note
          ბათუმის შოთა რუსთაველის სახელმწიფო უნივერსიტეტის მთავარი ბიბლიოთეკა ბათუმის შოთა რუსთაველის სახელმწიფო უნივერსიტეტის მთავარი ბიბლიოთეკა წიგნსაცავი 2018-12-17 21.00 351.86:341.17(4) Ж-91 24406 2018-12-17 24406 2018-12-17 წიგნი 21.00